The Due Process Guarantee Act : banning indefinite detention of Americans : hearing before the Committee on the Judiciary, United States Senate, One Hundred Twelfth Congress, second session, February 29, 2012.

Bibliographic Details
Corporate Author: United States. Congress. Senate. Committee on the Judiciary
Format: Government Document eBook
Language:English
Published: Washington : U.S. G.P.O., 2012.
Series:S. hrg. ; 112-383
Subjects:
Online Access:https://purl.fdlp.gov/GPO/gpo25187

MARC

Tag First Indicator Second Indicator Subfields
LEADER 00000cam a2200000 a 4500
001 in00002762913
005 20211120165227.0
006 m d f
007 cr bn|||||||||
008 120712s2012 dcua ob f000 0 eng c
035 |a (OCoLC)ocn798937838 
040 |a GPO  |c GPO  |d GPO  |d MvI  |d UtOrBLW 
042 |a pcc 
043 |a n-us--- 
049 |a WWW 
050 1 4 |a KF26  |b .J8 2012b 
074 |a 1042-C (online) 
086 0 |a Y 4.J 89/2:S.HRG.112-383 
088 |a Serial no. J-112-61 (United States. Congress. Senate. Committee on the Judiciary) 
110 1 |a United States.  |b Congress.  |b Senate.  |b Committee on the Judiciary. 
245 1 4 |a The Due Process Guarantee Act :  |b banning indefinite detention of Americans : hearing before the Committee on the Judiciary, United States Senate, One Hundred Twelfth Congress, second session, February 29, 2012. 
264 1 |a Washington :  |b U.S. G.P.O.,  |c 2012. 
300 |a 1 online resource (iii, 109 pages) :  |b illustrations 
336 |a text  |b txt  |2 rdacontent 
337 |a computer  |b c  |2 rdamedia 
338 |a online resource  |b cr  |2 rdacarrier 
490 1 |a S. hrg. ;  |v 112-383 
500 |a Title from title screen (viewed on July 12, 2012). 
504 |a Includes bibliographical references. 
500 |a "Serial number J-112-61." 
500 |a Electronic resource. 
650 0 |a Due process of law  |z United States. 
650 0 |a Detention of persons  |z United States. 
650 0 |a Habeas corpus  |z United States. 
650 0 |a Unlawful combatants  |x Government policy  |z United States. 
650 0 |a Executive power  |z United States. 
650 0 |a Civil rights. 
776 0 8 |i Print version:  |a United States. Congress. Senate. Committee on the Judiciary.  |t Due Process Guarantee Act : banning indefinite detention of Americans  |w (OCoLC)801092563 
776 0 8 |i Microfiche:  |a United States. Congress. Senate. Committee on the Judiciary.  |t Due Process Guarantee Act : banning indefinite detention of Americans  |w (OCoLC)809241645 
810 1 |a United States.  |b Congress.  |b Senate.  |t S. hrg. ;  |v 112-383. 
856 4 0 |u https://purl.fdlp.gov/GPO/gpo25187  |t 0 
999 |a MARS 
999 f f |s f9a25b02-0781-31e9-82e7-1bbf16d4b6d1  |i 482ea7db-7902-319b-ae75-4f323c1de000  |t 0 
952 f f |a Texas A&M University  |b College Station  |c Electronic Resources  |d Available Online  |t 0  |e Y 4.J 89/2:S.HRG.112-383  |h Superintendent of Documents classification 
998 f f |a Y 4.J 89/2:S.HRG.112-383  |t 0  |l Available Online